000 00750nam a22002413a 4500
001 21697
003 BD-RjUL
005 20211209000722.0
008 140305s1949 enk 001 0 und d
035 _a(BD-RjUL)21762
_aOCLC pks03412082 from D960430K
040 _aEQO
_cEQO
_beng
_dBD-RjUL
041 _aeng
082 0 0 _a914.942
_bHOB 1949
100 1 _aHodgkison, Edward George.
_967007
245 1 4 _aThe British Isles :
_badapted from A first course in modern geography /
_cby E.G. Hodgkison and D.M. Preece
250 _a2nd ed
260 _aLondon :
_bUniversity press,
_c1949.
300 _avii, 234 p. ;
_c18 cm.
504 _aIncludes index.
650 0 _aEngland
_vgeography
_967008
700 1 _aPreece, D. M.
_967009
942 _2ddc
_cBK
999 _c21697
_d21697